000 00960nam a2200253Ia 4500
003 OSt
005 20220923212431.0
006 a|||||r|||| 00| 0
007 ta
008 220922b |||||||| |||| 00| 0 hin d
024 _a152,913
037 _cTextual
040 _aARTS
_cARTS
_bhin
041 _2hin
_ahin
082 _aO142,1N06x, 152K6
100 _aविद्यालंकार, महावत; नवलपुरी, युगजीत
_9162468
245 0 _aनात्सदोर्ज की रचनाएॅ
246 _aNātsadorja kī rachanāeॅ
260 _aनई दिल्ली
_b साहित्य अकादेमी
_c1966
300 _a142 पृ.
_ccm.
650 _aहिन्दी साहित्य
_9156264
942 _hO142,1N06x, 152K6
_cTEXL
_2CC
999 _c308562
_d308562